Statistics for Slovenian car plates

Click here to take the quiz!

General Stats

  • This quiz has been taken 212 times
  • The average score is 9 of 11

Answer Stats

HintAnswer% Correct
LJLjubljana
99%
MBMaribor
98%
CECelje
95%
KPKoper
95%
KRKranj
94%
NMNovo Mesto
90%
MSMurska Sobota
87%
POPostojna
74%
KKKrško
73%
GONova Gorica
72%
SGSlovenj Gradec
71%

Score Distribution

Percentile by Number Answered

Percent of People with Each Score

Your Score History

You have not taken this quiz